La historia política del Nunca Más : la memoria de las desapariciones en la Argentina /
Emilio Crenzel analiza el proceso de conformación de la Comisión Nacional sobre la Desaparición de Personas y de su informe, el Nunca Más. Indaga en la producción del texto y en la posterior circulación, central no solo para juzgar a los represores y demostrar la existencia de un plan sistemático de...
Guardado en:
| Autor Principal: | |
|---|---|
| Formato: | Libro |
| Publicado: |
Buenos Aires :
Siglo XXI,
2025.
|
| Edición: | 1a ed. |
| Series: | Biblioteca para una pedagogía de la memoria
|
| Materias: | |
| Etiquetas: |
Agregar Etiqueta
Sin Etiquetas, Sea el primero en etiquetar este registro!
|
| LEADER | 03696nam a22002775a 4500 | ||
|---|---|---|---|
| 001 | CEM.cems025055 | ||
| 008 | 260202s2025#############b####000#0#####d | ||
| 005 | 20260202161843.0 | ||
| 245 | 1 | 0 | |a La historia política del Nunca Más : |b la memoria de las desapariciones en la Argentina / |c Emilio Crenzel. |
| 250 | |a 1a ed. | ||
| 260 | |a Buenos Aires : |b Siglo XXI, |c 2025. | ||
| 300 | |a 277 p. | ||
| 490 | 0 | |a Biblioteca para una pedagogía de la memoria | |
| 500 | |a Edición especial de la Dirección General de Cultural y Educación de la Provincia de Buenos Aires. | ||
| 504 | |a Bibliografía p. 255. | ||
| 505 | 0 | |a 1. Desaparición, memoria y conocimiento -- Desapariciones y violencia política en la Argentina -- Las desapariciones y la memoria -- Desapariciones, conocimiento y denuncia -- 2. Investigar el pasado. La CONADEP y la elaboración del Nunca Más -- El fin del silencio -- Dos demonios y dos comisiones -- ¿Por dónde empezar? -- Los testimonios -- Explorar y descubrir el horror -- Nunca Más. La investigación de la CONADEP en la televisión -- Las justicias -- La escritura -- Entre la plaza y el libro -- 3. El informa Nunca Más -- Una nueva lectura del pasado -- La exposición de la verdad -- Las responsabilidad jurídicas -- Una nueva memoria emblemática -- 4. Usos y resignificaciones del Nunca Más -- Los primeros lectores -- El Nunca Más y el Juicio a las Juntas Militares -- El símbolo escindido -- Una bandera de los organismos de Derechos Humanos -- La transmisión de la memoria -- El infierno resignificado -- A veinte años del golpe -- El Nunca Más en las aulas -- Los perpetradores contra el Nunca Más -- Itinerarios recientes. El gobierno de Kirchner y el nuevo prólogo del Nunca Más -- Los nuevos lectores -- Conclusiones -- Anexos -- Portadas de las ediciones del Nunca Más publicadas en Argentina -- Portadas de las ediciones del Nunca Más publicadas en el exterior -- Portadas de la edición del Nunca Más publicada en fascículos por Página/12 -- Portadas de los libros del Fores y de Miguel Etchecolatz | |
| 520 | |a Emilio Crenzel analiza el proceso de conformación de la Comisión Nacional sobre la Desaparición de Personas y de su informe, el Nunca Más. Indaga en la producción del texto y en la posterior circulación, central no solo para juzgar a los represores y demostrar la existencia de un plan sistemático de desaparición de personas sino también para la construcción de la memoria colectiva. ¿Cómo y por qué se creó la CONADEP al poco tiempo de recuperada la democracia? ¿Qué procesos políticos tuvieron lugar detrás de su conformación? ¿Qué pensaban los organismos de derechos humanos? ¿Cómo fue el trabajo para recabar las denuncias sobre las desapariciones de personas y elaborar el Nunca Más? En este libro, el sociólogo Emilio Crenzel muestra cómo este informe se transformó en una herramienta legitimada para interpretar los conflictos políticos que nuestro país atravesó en la década de 1970. Permite conocer el trabajo sistemático y profesional de los organismos de derechos humanos y de los agentes estatales que recopilaron las denuncias y ayuda a entender cómo el Nunca Más, recuperando ese trabajo, logró explicar que en la Argentina existió un plan sistemático de desaparición forzada de personas y no una "guerra". | ||
| 020 | |a 9789878014494 | ||
| 100 | 1 | |a Crenzel, Emilio | |
| 082 | 0 | 4 | |a 364.15 |
| 653 | |a Derechos humanos | ||
| 653 | |a Historia argentina-derechos humanos | ||
| 653 | |a Historia argentina-siglo xx | ||
| 653 | |a Dictadura argentina | ||
| 653 | |a Biblioteca para una pedagogía de la memoria | ||
| 859 | |a CEMS |b BIB. CEMS - 11 de abril |h 364.15 |i C723a1 |p 30547.25 |t Ej.1 | ||
